Các phương pháp phân tích hiện đại và ứng dụng trong hoá học
Đây là một cuốn sách giáo khoa về toán học nhằm phát triển ở người học những năng khiếu và nhu cầu toán học.
Guardat en:
| Autor principal: | |
|---|---|
| Format: | Llibre |
| Idioma: | Undetermined |
| Publicat: |
Hà Nội
Đại học Sư phạm
1998
|
| Matèries: | |
| Etiquetes: |
Afegir etiqueta
Sense etiquetes, Sigues el primer a etiquetar aquest registre!
|
| Thư viện lưu trữ: | Trung tâm Học liệu Trường Đại học Cần Thơ |
|---|
| LEADER | 00986nam a2200229Ia 4500 | ||
|---|---|---|---|
| 001 | CTU_55647 | ||
| 008 | 210402s9999 xx 000 0 und d | ||
| 020 | |c 25000 | ||
| 082 | |a 543.0852 | ||
| 082 | |b Qu600 | ||
| 100 | |a Hồ, Viết Quý | ||
| 245 | 0 | |a Các phương pháp phân tích hiện đại và ứng dụng trong hoá học | |
| 245 | 0 | |c Hồ Viết Quý | |
| 260 | |a Hà Nội | ||
| 260 | |b Đại học Sư phạm | ||
| 260 | |c 1998 | ||
| 520 | |a Đây là một cuốn sách giáo khoa về toán học nhằm phát triển ở người học những năng khiếu và nhu cầu toán học. | ||
| 526 | |a Phương pháp phân tích công cụ,Phân tích hóa học kỹ thuật cao | ||
| 526 | |b SP392,CSS612 | ||
| 650 | |a Chemistry, Analytic,Hóa học phân tích | ||
| 904 | |i Trọng Hiếu sửa số PL 543 ==> 543.0852 | ||
| 980 | |a Trung tâm Học liệu Trường Đại học Cần Thơ | ||